Presupuesto público y contabilidad gubernamental / (Registro nro. 5783)

Detalles MARC
000 -LEADER
fixed length control field 01033nam a2200265Ia 4500
003 - CONTROL NUMBER IDENTIFIER
control field OSt
005 - DATE AND TIME OF LATEST TRANSACTION
control field 20200827102307.0
008 - FIXED-LENGTH DATA ELEMENTS--GENERAL INFORMATION
fixed length control field 191128s2007 ck a fr 000 0dspa d
020 ## - INTERNATIONAL STANDARD BOOK NUMBER
International Standard Book Number 9789586484770
040 ## - CATALOGING SOURCE
Original cataloging agency CO-JMCR
Transcribing agency CO-JMCR
041 0# - LANGUAGE CODE
Language code of text/sound track or separate title spa
082 04 - DEWEY DECIMAL CLASSIFICATION NUMBER
Classification number 350.722 /
Item number R652p
Edition number 23
100 1# - MAIN ENTRY--PERSONAL NAME
Personal name Romero Romero, Enrique,
Relator term autor
9 (RLIN) 6475
245 10 - TITLE STATEMENT
Title Presupuesto público y contabilidad gubernamental /
Statement of responsibility, etc. Enrique Romero Romero
250 ## - EDITION STATEMENT
Edition statement Tercera edición
260 ## - PUBLICATION, DISTRIBUTION, ETC.
Place of publication, distribution, etc. Bogotá :
Name of publisher, distributor, etc. Ecoe,
Date of publication, distribution, etc. 2007
300 ## - PHYSICAL DESCRIPTION
Extent 308 páginas :
Other physical details ilustraciones a blanco y negro ;
Dimensions 24 cm.
490 0# - SERIES STATEMENT
Series statement Textos universitarios. Contabilidad y finanzas
500 ## - GENERAL NOTE
General note Incluye datos biográficos del autor en solapa frontal.
504 ## - BIBLIOGRAPHY, ETC. NOTE
Bibliography, etc. note Bibliografía: páginas 263-265
505 0# - FORMATTED CONTENTS NOTE
Formatted contents note Estructura administrativa del Estado colombiano -- Planeación y presupuesto -- Sistema Nacional de Contabilidad Pública -- El control del Estado
650 14 - SUBJECT ADDED ENTRY--TOPICAL TERM
Topical term or geographic name entry element Hacienda pública
Geographic subdivision Colombia
9 (RLIN) 6814
650 14 - SUBJECT ADDED ENTRY--TOPICAL TERM
Topical term or geographic name entry element Contabilidad
Geographic subdivision Colombia
9 (RLIN) 9338
942 ## - ADDED ENTRY ELEMENTS (KOHA)
Source of classification or shelving scheme Dewey Decimal Classification
Koha item type Books
Existencias
Withdrawn status Lost status Source of classification or shelving scheme Damaged status Not for loan Collection code Home library Current library Date acquired Source of acquisition Full call number Barcode Date last seen Copy number Koha item type
    Dewey Decimal Classification     Non-fiction Biblioteca Pública José María del Castillo y Rada Biblioteca Pública José María del Castillo y Rada 04/15/2018 Donación 350.722 / R652p 430009309 11/28/2019 Ej.1 Books